[Event "Figueres Nadal op 9th"]
[Site "Figueres"]
[Date "2020.01.02"]
[Round "1"]
[White "Vinolas Anglada, Laura"]
[Black "Garcia Merchan, Nicolas Joaquin"]
[Result "1-0"]
[WhiteElo "1684"]
[BlackElo "1205"]
[PlyCount "75"]
[EventDate "2020.01.02"]
[EventType "swiss"]
[EventRounds "8"]
[EventCountry "ESP"]
[SourceTitle "CBM 194 Extra"]
[Source "ChessBase"]
[SourceDate "2020.03.31"]
[SourceVersion "1"]
[SourceVersionDate "2020.03.31"]
[SourceQuality "1"]

1. e4 c5 2. Nc3 d6 3. g3 Nc6 4. Bg2 Nf6 5. Nf3 g6 6. 0-0 Bg7 7. d3 0-0 8. Nh4 Bg4 9. f3 Be6 10. f4 Nd4 11. f5 Bd7 12. Ne2 Ng4 13. h3 Nxe2+ 14. Qxe2 Bd4+ 15. Kh1 Ne5 16. c3 Bb5 17. cxd4 Bxd3 18. Qf2 Bxf1 19. dxe5 Bxg2+ 20. Kxg2 b6 21. Bh6 Re8 22. Rf1 dxe5 23. fxg6 f6 24. gxh7+ Kxh7 25. Qf5+ Kh8 26. Qh5 Qd3 27. Ng6+ Kh7 28. Bf8+ Kg8 29. Qh8+ Kf7 30. Nxe5+ Ke6 31. Nxd3 Rxf8 32. Qh4 Rad8 33. Nf4+ Kf7 34. Qh5+ Kg8 35. Qg6+ Kh8 36. Nh5 Rf7 37. Qxf7 Rg8 38. Rf4 1-0